000 00178 a2200085 4500
245 _aHEART OF DARKNESS
_hText
020 _a9780582022690
100 _aCONRAD JOSEPH
005 20191017172114.0
084 _aNONE
999 _c8438
_d8438